000 00506nam a22001697a 4500
005 20231204133112.0
008 231204b |||||||| |||| 00| 0 eng d
020 _a978040905236 ; 9780409052367
041 _aEnglish
082 _a349 JOU
100 _aJoubert, WA
_lEnglish
245 _aThe Law of South Africa /
_cWA Joubert
260 _aDurban :
_bLexisNexis,
_c2012
300 _bxiv, 385 pages ;
_c26 cm.
650 _aLegal practice
_bLaw
942 _cBK
_6ALISON_BN_VRIES
999 _c1111
_d1111